1268 1223 1496 1631 1419 1516 1762 1050 1908 1297 1556 1040 1342 1768 1556 1182 1631 1771 1394 1231 1565 1924 1151 1154 1957 1847 1833 1260 1105 1224 1064 1485 1812 1823 1658 1019 1802 1550 1917 1010 1157 1385 1745 1164 1673 1510 1796 1432 1251 1813 1309 1133 1775 1064 1388 1564 1933 1535 1594 1526 1088 1003 1031 1491 1691 1192 1136 1111 1009 1602 1250 1943 1115 1859 1176 1978 1421 1148 1417 1736 1944 1107 1254 1992 1394 1661 1760 1827 1079 1585 1071 1521 1543 1946 1309 1067 1610 1333 1393 BCNSPRNW ULIB Ver.6.0+V

เปลี่ยนเป็นภาษาไทย

Change to English
 แสดงรายละเอียดบรรณานุกรม
  กลับหน้าหลัก

Brief Record : Get Marc (ISO 2709) : E-mail record : QR code < ปิดหน้าต่าง
LEADER : 00000nam 2200000uu 4500
001    13399108944
003     ULIB
008    110317s2545||||th 000 0 tha d
020    9742311838
060  4 WA20.5^bอ511ก 2545
100 0  อัญชนา ณระนอง
110 1  สถาบันบัณฑิตพัฒนบริหารศาสตร์^bคณะรัฐปศาสนศาสตร์
245 00 การออกแบบสอบถามการพัฒฯแบบสำรวจสุขภาพอนามัยของประชากรกลุ่มยากจนในเมืองและในชนบท/^cอัญชนา ณระนอง
250    พิมพ์ครั้งที่ 2
260    กรุงเทพฯ:^bสถาบันบัณฑิตพัฒนบริหารศาสตร์,^c2545
300    271 หน้า
650  7 การออกแบบสอบถาม
650  7 แบบสำรวจสุขอนามัย
945    ^p300^l0^i015383
945    ^p300^l0^i015381
945    ^p300^l0^i015382
995    ทศพร
999 ^a ใช้งานได้ทุกระบบ
รายการนี้ยังไม่มีแท็ก
คุณยังไม่ได้ล็อกอิน คุณสามารถมีกิจกรรมร่วมกับเว็บไซต์ได้ แต่ต้องล็อกอินก่อน ::
  ล็อกอิน

รายการสื่อสารสนเทศ

ลำดับที่ ประเภท เลขเรียก/บาร์โค้ด สถานที่ สถานะ
- ไม่พบข้อมูล -

BibComment


ยังไม่เคยถูกคอมเมนท์

คอมเมนท์ทรัพยากรรายการนี้
  คอมเมนท์: การออกแบบสอบถามกา..


 Copyright 2026. Bcnsprnw @Library